Statistiques concernant Les plus gros partenaires commerciaux - Egypte

Cliquez ici pour prendre le quiz!

Statistiques générales

  • Ce quiz a été pris 118 fois
  • Le résultat moyen est 18 sur 22

Statistiques - réponses

exportationsimportationspays% Correct
504 mil1324 milFrance
99%
1755 mil2411 milArabie Saoudite
97%
1014 mil3095 milEtats-Unis
97%
495 mil7554 milChine
96%
1468 mil2644 milItalie
96%
2210 milRussie
95%
540 mil5073 milAllemagne
94%
655 mil1947 milEspagne
93%
631 mil1830 milInde
92%
1048 mil1187 milRoyaume-Uni
92%
1438 mil2505 milTurquie
91%
2832 milÉmirats arabes unis
89%
582 milLibye
82%
545 milSoudan
82%
1553 milQatar
77%
1730 milBrésil
76%
2154 milCorée du Sud
72%
523 milJordanie
69%
493 milSuisse
64%
801 milLiban
63%
1425 milArgentine
52%
2157 milUkraine
40%

Distribution des résultats

Percentile par nombre de réponses

% des personnes avec chaque résultat

Votre développement - résultats

Vous n’avez pas pris ce quiz